Estadísticas para Apodos de clubes argentinos

Haz click aquí para intentar la prueba.

Estadísticas generales

  • Esta prueba ha sido intentada 486 veces
  • La puntuación promedio es 23 de 33

Estadísticas de respuestas

ClubApodo% Correcto
River PlateGallina
92%
River PlateMillonario
91%
Boca JuniorsBostero
90%
Racing ClubLa Academia
87%
IndependienteRojo
87%
Boca JuniorsXeneize
86%
HuracánGlobo
85%
River PlateCuervo
81%
EstudiantesPincharrata
80%
Newell's Old BoysLeproso
79%
Gimnasia y EsgrimaLobo
79%
BelgranoPirata
79%
IndependienteDiablo
76%
LanúsGranate
73%
ColónSabalero
73%
BanfieldTaladro
72%
AldosiviTiburón
72%
Argentinos JuniorsBicho Colorado
71%
Rosario CentralCanalla
70%
QuilmesCervecero
70%
Vélez SársfieldFortín
69%
Dep. MorónGallito
67%
San LorenzoCiclón
65%
Godoy CruzTomba
64%
UniónTatengue
60%
RafaelaLa Crema
59%
ChacaritaFunebrero
57%
Atlético TucumánDecano
55%
TigreMatador
55%
EstudiantesLeón
47%
HuracánQuemero
45%
AtlantaBohemio
42%
Los AndesMilrayitas
38%

Distribución de puntuación

Porcentaje por número respondido

Porcentaje de gente con cada puntuación

Historial de tus puntuaciones

No has intentado esta prueba.